000 01055nam a2200277 i 4500
001 bg
003 BPK
005 20200425175343.0
008 990921s1999 pl a f |000 0 pol
015 _aPB 1999/14258
020 _a8302072494
040 _aWA N
_cBPK
080 _a631.3
080 _a(075.3)
100 1 _aKuczewski, Józef
_d(1925-2002)
_eAutor
245 1 0 _aEksploatacja maszyn rolniczych :
_bpodręcznik dla technikum mechanizacji rolnictwa /
_cJózef Kuczewski, Zbigniew Majewski.
260 _aWarszawa :
_bWydawnictwa Szkolne i Pedagogiczne,
_c1999.
300 _a367, [1] s. :
_b1 mapa, rys., wykr. ;
_c24 cm.
504 _aBibliogr. s. 368.
650 4 _aMaszyny i narzędzia rolnicze
_xobsługa i eksploatacja.
655 4 _aPodręczniki dla szkół zawodowych
700 1 _aMajewski, Zbigniew
_c(nauki rolnicze).
710 2 _aWydawnictwa Szkolne i Pedagogiczne.
_4pbl.
856 _uhttp://koha.tu.koszalin.pl/cgi-bin/koha/opac-detail.pl?biblionumber=51633
_yKatalog online BPK
942 _2UKD
_cKS
999 _c51633
_d51633